Теоретические основы теплотехники: учебное пособие

Bibliographische Detailangaben
1. Verfasser: Ляшков В. И. Василий Игнатьевич
Zusammenfassung:В учебном пособии лаконично и последовательно изложены теоретические основы теплотехники (основы термодинамики, теории тепло- и массообмена и теории горения), составляющие необходимый и достаточный минимум для того, чтобы в дальнейшем специалист мог самостоятельно углублять знания в тех или иных областях прикладной теплотехники. Учебный материал изложен отдельными, сравнительно небольшими подразделами, структурированность и последовательность которых продиктована внутренней логикой названных наук. Для студентов, обучающихся по специальности «Энергообеспечение предприятий», а также для студентов других специальностей при изучении ими дисциплин теплотехнического профиля.
Sprache:Russisch
Veröffentlicht: Москва, Курс, 2015
Ausgabe:2-е изд., испр. и доп.
Schlagworte:
Format: Buch
KOHA link:https://koha.lib.tpu.ru/cgi-bin/koha/opac-detail.pl?biblionumber=282673

MARC

LEADER 00000nam0a2200000 4500
001 282673
005 20231101235524.0
010 |a 9785905554858 
010 |a 978-5-16-010639-7 
035 |a (RuTPU)RU\TPU\book\306618 
035 |a RU\TPU\book\126029 
090 |a 282673 
100 |a 20070522d2015 m y0rusy50 ca 
101 0 |a rus 
102 |a RU 
105 |a a j 001zy 
200 1 |a Теоретические основы теплотехники  |e учебное пособие  |f В. И. Ляшков 
205 |a 2-е изд., испр. и доп. 
210 |a Москва  |c Курс  |c Инфра-М  |d 2015 
215 |a 328 с.  |c ил. 
320 |a Список литературы: с. 324-325. 
330 |a В учебном пособии лаконично и последовательно изложены теоретические основы теплотехники (основы термодинамики, теории тепло- и массообмена и теории горения), составляющие необходимый и достаточный минимум для того, чтобы в дальнейшем специалист мог самостоятельно углублять знания в тех или иных областях прикладной теплотехники. Учебный материал изложен отдельными, сравнительно небольшими подразделами, структурированность и последовательность которых продиктована внутренней логикой названных наук. Для студентов, обучающихся по специальности «Энергообеспечение предприятий», а также для студентов других специальностей при изучении ими дисциплин теплотехнического профиля. 
606 1 |a Теплотехника  |x Теоретические основы  |2 stltpush  |3 (RuTPU)RU\TPU\subj\74141  |9 86648 
610 1 |a термодинамика 
610 1 |a законы 
610 1 |a идеальные термодинамические процессы 
610 1 |a термодинамические циклы 
610 1 |a реальные газы 
610 1 |a газовые потоки 
610 1 |a смеси 
610 1 |a химическая термодинамика 
610 1 |a машины 
610 1 |a компрессоры 
610 1 |a теплообмен 
610 1 |a теплопроводность 
610 1 |a конвективный теплообмен 
610 1 |a тепловое излучение 
610 1 |a массообменные процессы 
610 1 |a топливо 
610 1 |a горение 
610 1 |a топки 
610 1 |a топочные устройства 
610 1 |a технические расчеты 
610 1 |a учебные пособия 
675 |a 621.1.016(075.8)  |v 3 
700 1 |a Ляшков  |b В. И.  |g Василий Игнатьевич 
801 1 |a RU  |b 63413507  |c 20150202 
801 2 |a RU  |b 63413507  |c 20150703  |g RCR 
942 |c BK 
959 |a 10/20150202  |d 5  |e 449,90  |f ЧЗТЛ:1  |f АНЛ:1  |f УФ:3